[Event "89_| Campeonato Brasileiro 2023"]
[Site "Recife"]
[Date "2023.12.19"]
[Round "9.4"]
[White "De Siqueira, Luigy Lira"]
[Black "Di Berardino, Diego Rafael"]
[Result "1/2-1/2"]
[WhiteElo "2202"]
[BlackElo "2477"]
[Annotator "Stockfish 16 (CB)"]
[PlyCount "111"]
[EventDate "2023.??.??"]
[EventCountry "BRA"]
[WhiteClock "0:01:59"]
[BlackClock "0:03:00"]

{[%evp 10,111,40,30,46,51,55,31,45,45,44,43,44,55,42,8,42,46,58,25,41,34,54,41,
36,37,42,7,28,15,77,21,99,52,145,79,73,75,73,70,61,53,113,101,200,32,20,29,40,
35,39,19,13,16,15,11,25,0,0,0,0,0,0,0,281,0,0,0,5,0,548,523,523,523,523,514,
522,523,549,523,514,0,0,0,0,0,0,0,0,0,0,0,0,0,0,0,0,0,0,0,0,0,0,0]} 1. e4 c5 2.
Nf3 e6 3. d4 cxd4 4. Nxd4 Nc6 5. Nc3 a6 6. a3 d6 {B46: Sicilian: Taimanov: 5
Nc3 a6.} 7. Be3 Nf6 8. f3 Be7 {White is slightly better.} 9. Qd2 O-O 10. O-O-O
Nxd4 11. Qxd4 b5 12. g4 Rb8 13. h4 $146 ({Predecessor:} 13. e5 Nd7 14. Ne4 d5
15. Ng3 b4 16. a4 b3 17. c3 Qa5 18. Nh5 Nc5 19. Kd2 Qxa4 20. Qxa4 Nxa4 {
1/2-1/2 (45) Vestby Ellingsen,M (2376)-Ostenstad,B (2435) Norway 2022}) 13...
Nd7 14. f4 (14. h5 $5 {[%cal Rh5h6]}) 14... Qa5 15. Bd2 $36 {[%mdl 2048] White
is pushing.} Qb6 16. Qxb6 Nxb6 17. Be3 Bd7 18. Rh2 Rfc8 $1 19. f5 Rc6 (19...
Nc4 $11 20. Bg5 Bf8) 20. Bf4 (20. g5 $16) 20... Nc8 (20... Rbc8 $11 {remains
equal.}) 21. e5 (21. g5 $16) 21... d5 {[#]} (21... b4 $14 22. exd6 Nxd6 23.
axb4 Rxb4) 22. Nxd5 (22. fxe6 $142 $1 Bxe6 23. Nxd5) 22... exd5 $16 23. e6 $1 {
[%cal Re6d7][%mdl 64] Discovered Attack} Bd6 24. Bxd6 Rxd6 25. exd7 Rxd7 (25...
Nb6 $14) 26. c4 Kf8 (26... bxc4 $16 {is a better defense.} 27. Bxc4 h5) 27.
cxd5 $2 ({Much less strong is} 27. Rxd5 $6 Rxd5 28. cxd5 Nb6 $14) ({White
should try} 27. cxb5 $18 axb5 28. Rc2) 27... Nb6 $14 28. Rhd2 Rbd8 29. d6 Nc8
30. a4 bxa4 31. Bxa6 Rxd6 32. Rxd6 Rxd6 33. Bxc8 $11 {[%mdl 4096] Endgame
KRB-KR} Rc6+ 34. Kb1 Rxc8 {KR-KR} 35. Rd4 Ra8 36. Ka2 Ra5 $2 {[%mdl 8192] [#]}
(36... h5 $11) 37. Ka3 $2 (37. h5 $1 $18) 37... h5 $1 38. gxh5 (38. g5 {
looks sharper.} Ke7 39. Re4+ Kd6 40. f6 gxf6 41. gxf6 Rf5 42. Rxa4 Rf3+ 43. b3)
38... Rxf5 39. Kxa4 Rf1 $2 {[%mdl 8192]} (39... Rxh5 $11 {and Black is okay.}
40. b4 g5) 40. b4 $18 Ra1+ 41. Kb5 Ke7 42. Rg4 f5 43. Rxg7+ Kf6 44. Rg6+ Ke5
45. Kc5 $2 (45. h6 $18 {aiming for h7.} Ra7 46. Rg7) 45... Rc1+ $11 {The
position is equal.} 46. Kb6 {Threatens to win with b5.} f4 47. Rg8 Rh1 48. Re8+
Kd4 49. Rf8 Ke3 50. Re8+ Kd4 51. h6 {Black must now prevent h7.} Rxh4 52. Rh8 {
And now h7 would win.} f3 53. h7 {Strongly threatening Rd8+.} f2 54. Rf8 Ke3
55. Re8+ Kd3 56. Rf8 {Accuracy: White = 72%, Black = 75%.} 1/2-1/2

[Event "89_| Campeonato Brasileiro 2023"]
[Site "Recife"]
[Date "2023.12.19"]
[Round "9.5"]
[White "Santiago, Yago De Moura"]
[Black "Tomiello, Lucas Costamilan"]
[Result "0-1"]
[WhiteElo "2476"]
[BlackElo "2300"]
[Annotator "Stockfish 16 (CB)"]
[PlyCount "91"]
[EventDate "2023.??.??"]
[EventCountry "BRA"]
[WhiteClock "0:11:23"]
[BlackClock "0:21:16"]

{[%evp 19,91,0,0,-24,-9,-22,20,15,20,-8,-7,-32,30,24,44,10,12,25,58,56,135,70,
72,74,76,0,0,0,11,27,27,17,21,7,29,8,113,73,91,-67,91,65,154,173,296,52,59,71,
89,35,35,0,0,-428,-423,-485,-495,-493,-476,-488,-478,-503,-416,-675,-645,-642,
-642,-571,-526,-29991,-29992,-29992,-29993,-29993]} 1. d4 Nf6 2. c4 e6 3. Nc3
Bb4 4. e3 O-O 5. Bd3 d5 6. a3 Bxc3+ 7. bxc3 dxc4 8. Bxc4 c5 9. Ne2 Qc7 10. Bd3
Nc6 11. f4 {E49: Nimzo-Indian: Rubinstein: 5 Bd3 d5 6 a3 Bxc3+ 7 bxc3.} b6 12.
O-O Rd8 (12... Ne7 $142) 13. Bb2 $11 {The position is equal.} Bb7 14. e4 Rac8
$146 ({Predecessor:} 14... Na5 15. Ng3 Rac8 16. e5 Nd5 17. f5 Ne3 18. Qh5 exf5
19. Nxf5 Nxf5 20. Rxf5 g6 {1-0 (43) Duda,J (2731)-Erigaisi,A (2725) chess24.
com INT 2022}) 15. Rc1 {[#]} Na5 (15... b5 $1 $15 {[%mdl 512]}) 16. Ng3 Qe7 17.
h3 b5 18. f5 e5 {[%cal Rc5d4]} 19. d5 ({But not} 19. Bxb5 $6 cxd4 20. cxd4 Rxc1
$11) 19... a6 (19... c4 $14 20. Bc2 a6) 20. Rb1 (20. c4 $1 $16) 20... c4 $14
21. Bc2 Nb3 {[%cal Rb7d5]} 22. Bc1 (22. Rf2 $16) 22... Nxc1 $11 23. Qxc1 Qc5+
24. Kh2 a5 25. Rf3 Ba6 26. Nf1 Rb8 27. g4 Nd7 (27... h6 $1 $11) 28. Ra1 Ra8 29.
f6 $2 (29. Ng3 $16) 29... g6 $2 ({Reject} 29... gxf6 $6 30. Ng3 $14) (29...
Nxf6 $15 {stays ahead.} 30. Ne3 Ne8) 30. Ng3 Rdb8 (30... Qf8 $14) 31. Qg5 $1
$16 ({Don't take} 31. Qh6 $6 Qf8 $14) 31... b4 {[#]} (31... Kf8 {was necessary.
} 32. Qh6+ Ke8) 32. axb4 $2 (32. Ba4 $1 $18 {[%cal Ra4d7]} Bb5 33. Bxb5 Rxb5
34. axb4) 32... axb4 $14 33. cxb4 Rxb4 34. Nf5 (34. Kg2 $16) 34... Rb2 35. Ne7+
Kf8 $1 36. Rc1 $2 {[%mdl 8192]} (36. Qc1 $11 {and White has nothing to worry.}
Qd4 37. Rb1) 36... Bb5 $19 37. Qd2 Raa2 {Strongly threatening ...Ba4.} 38. Kg3
Ba4 {[%cal Ra4c2]} (38... Nxf6 {[#]} 39. Nxg6+ $1 {[%mdl 512]} hxg6 40. Rxf6
$17) 39. Qh6+ Ke8 40. Bxa4 Rxa4 41. Qxh7 (41. Kh4 $142 Rf2 42. Re3 Nxf6 43. Nf5
Nxg4 44. Kxg4 Rf4+ 45. Kg3) 41... Ra3 {[%csl Gb2][%cal Rc5f2]} 42. Qg8+ Nf8 {
[%csl Gb2][%cal Rc5f2]} 43. Rcf1 {If only White now had time for d6....} Rbb3 {
( -> ...Rxf3+)} 44. Rxb3 Rxb3+ 45. Rf3 Qg1+ 46. Kh4 {Accuracy: White = 37%,
Black = 59%.} 0-1

[Event "89_| Campeonato Brasileiro 2023"]
[Site "Recife"]
[Date "2023.12.19"]
[Round "9.6"]
[White "Lima, Stefan Moisei VIeir"]
[Black "Matsuura, Everaldo"]
[Result "1/2-1/2"]
[WhiteElo "2155"]
[BlackElo "2418"]
[Annotator "Stockfish 16 (CB)"]
[PlyCount "73"]
[EventDate "2023.??.??"]
[EventCountry "BRA"]
[WhiteClock "0:29:09"]
[BlackClock "0:10:32"]

{[%evp 10,73,16,16,45,36,47,-7,-11,-8,-8,-5,-6,-4,13,14,26,31,36,27,27,30,44,8,
12,12,8,5,11,7,15,6,8,3,25,17,23,15,33,28,73,0,0,0,1,0,0,0,0,0,0,0,0,0,0,0,0,0,
0,-7,-7,-11,519,-11,433,0]} 1. d4 d5 2. c4 c6 3. Nc3 Nf6 4. e3 e6 5. b3 Bb4 6.
Bb2 c5 {D31: Queen's Gambit Declined: Semi-Slav without ...Nf6 (+ Marshall
Gambit and Noteboom) and Exchange Variation lines without ...Nf6.} 7. dxc5 Ne4
8. Qc2 (8. Qd4 $14) 8... d4 $1 $11 {[%cal Rd4c3] The position is equal.} 9.
exd4 $1 Qxd4 {[%mdl 64] [#] Double Attack} 10. Rc1 Nxc3 $146 ({Predecessor:} 
10... Nd7 11. Nf3 Bxc3+ 12. Bxc3 Qxc3+ 13. Qxc3 Nxc3 14. Rxc3 Nxc5 15. b4 Ne4
16. Re3 Nf6 {1/2-1/2 (45) Jussupow,A (2660)-Kramnik,V (2715) Novgorod 1995})
11. Bxc3 Qxc5 12. Nf3 Nc6 13. Bd3 Ne5 14. Be4 Nxf3+ 15. Bxf3 Qe5+ 16. Kf1 (16.
Kd1 {with more complications.} Qxc3 17. Qxc3 Bxc3 18. Rxc3 Ke7 19. Rd3) 16...
Bxc3 17. Qxc3 Qxc3 18. Rxc3 Ke7 19. Ke2 $36 {[%mdl 2048] White has good play.}
Rb8 20. c5 Bd7 21. Ke3 Bc6 22. Bxc6 bxc6 {[%mdl 4096] Endgame KRR-KRR} 23. Rd1
Rhd8 24. Rxd8 Rxd8 $14 {KR-KR} (24... Kxd8 $11 25. Rd3+ Kc7) 25. b4 ({White
should try} 25. Rc4 $16) 25... Rb8 $11 26. Rb3 e5 $1 27. Kd3 Ke6 28. Kc4 Rd8 $1
29. Ra3 {And now Ra6 would win.} Rd4+ $1 30. Kc3 {Strongly threatening Ra6.}
Rd7 $1 31. Kc4 Rd4+ $1 32. Kc3 {Hoping for Ra6.} Rd7 $1 33. b5 {[#] Ra6 is the
strong threat.} Rd5 34. Kc4 Rd4+ 35. Kc3 {Black must now prevent b6.} Rd7 $2 {
[%mdl 8192]} (35... cxb5 $11 36. Rxa7 Rg4) 36. Kb4 $2 (36. b6 $18 axb6 37. cxb6
) 36... Kd5 $2 {[%mdl 8192]} (36... Rd4+ $11 {and Black has nothing to worry.}
37. Kb3 Rd3+ 38. Kb4 Rd4+ 39. Kb3 cxb5 40. Ra6+ Kd5) 37. Ka5 $2 {Accuracy:
White = 82%, Black = 66%.} (37. b6 $18 axb6 38. cxb6) 1/2-1/2

[Event "89_| Campeonato Brasileiro 2023"]
[Site "Recife"]
[Date "2023.12.19"]
[Round "9.7"]
[White "Jordao Barbosa, Marcio"]
[Black "Lima, Darcy Gustavo Macha"]
[Result "0-1"]
[WhiteElo "2112"]
[BlackElo "2377"]
[Annotator "Stockfish 16 (CB)"]
[PlyCount "78"]
[EventDate "2023.??.??"]
[EventCountry "BRA"]
[WhiteClock "0:00:23"]
[BlackClock "0:22:12"]

{[%evp 11,78,36,27,25,28,24,71,63,69,23,21,-36,-40,-83,-52,-118,75,62,71,66,
121,110,140,128,248,180,175,171,136,139,185,36,46,0,0,-328,-148,-144,-136,-257,
-268,-242,-203,-244,-257,-234,-74,-365,-401,-400,-391,-392,-382,-432,-431,-434,
-432,-420,-422,-454,-445,-468,-464,-464,-453,-517,-511,-560,-568]} 1. e4 c5 2.
Nf3 e6 3. d4 cxd4 4. Nxd4 Bc5 5. Nb3 Bb6 6. Bd3 Ne7 7. c4 O-O 8. Nc3 f5 (8...
d6 $11 {was preferrable.}) 9. O-O {White is better.} Nbc6 10. c5 (10. Bg5 $14)
10... Bc7 $1 $11 11. f4 (11. Bg5 $11) 11... b6 $15 {[%cal Bb7b6,Bb6c5][%mdl 32]
} 12. e5 (12. Be3 $15) 12... bxc5 13. Be3 ({White should try} 13. Nb5 $15)
13... d6 $2 (13... g5 $17 {keeps the pressure on. ...gxf4 is the strong threat.
} 14. g3 (14. fxg5 Nxe5 15. Bxc5 d6 $17) (14. Bxc5 gxf4 15. Rxf4 Nxe5 $17)
14... Bb6 15. Nxc5 gxf4 16. gxf4 Nb4) 14. exd6 $16 Bxd6 15. Bc4 Kh8 (15... Rb8
$14) 16. Nb5 ({But not} 16. Bxc5 $6 Bxc5+ 17. Nxc5 Qc7 $11) ({Much worse is} 
16. Nxc5 $6 e5 $14) 16... Bb8 17. Bxc5 e5 (17... a6 $16 {might work better.})
18. fxe5 Bxe5 19. Qe2 Ba6 20. Rad1 Qb8 (20... Qc8 $16 {was worth a try.} 21.
Na3 Bxc4 22. Nxc4 Qa6) 21. h3 (21. Kh1 $1 $18) 21... Rf6 $1 $14 22. Rd7 (22. a4
$14 {might be stronger.}) 22... Ng6 $11 {aiming for ...Bh2+.} 23. Be3 $2 {
[%mdl 8192]} (23. a4 $11 {and White stays safe.}) 23... Bh2+ (23... f4 $19 24.
Bc5 f3 25. Rxf3 Rxf3 26. gxf3 Nf4) 24. Kh1 $17 {[#]} Nce5 $1 {[%cal Re5d7]} 25.
Rd5 (25. Bxa7 $17 Qe8 26. Nc5 Nxd7 27. Qxe8+ Rxe8 28. Nxd7) 25... Nxc4 $19 26.
Qxc4 Bb7 27. Nc5 Bxd5 28. Qxd5 {[#] Strongly threatening Nd7.} Nf8 $2 (28...
Ne7 $1 $19 {[%cal Re7d5]} 29. Qf3 Rc6) 29. Rxf5 $2 {[%mdl 8192]} (29. a4 $17)
29... Rxf5 30. Qxf5 Qxb5 31. Kxh2 Qxb2 32. Qd5 Re8 33. Bf4 {If White can now
play Ne4 this consolidates a bit.} Qf6 34. Bg3 h6 35. Nd3 {Black is clearly
winning.} Ng6 36. Nf2 Qe6 37. Qa5 Qf7 38. Ng4 Re2 39. a3 Qf3 {Accuracy: White
= 38%, Black = 60%.} 0-1

[Event "89_| Campeonato Brasileiro 2023"]
[Site "Recife"]
[Date "2023.12.19"]
[Round "9.8"]
[White "Aranha Filho, Alvaro Zimmermann"]
[Black "Filgueiras, Nathan Felipe"]
[Result "1/2-1/2"]
[WhiteElo "2182"]
[BlackElo "2295"]
[Annotator "Stockfish 16 (CB)"]
[PlyCount "51"]
[EventDate "2023.??.??"]
[EventCountry "BRA"]
[WhiteClock "0:12:58"]
[BlackClock "0:04:14"]

{[%evp 10,51,55,41,56,22,34,32,29,0,0,0,0,0,55,51,73,70,86,89,99,101,95,25,96,
63,107,92,92,90,145,140,149,117,221,214,204,146,140,150,124,0,74,26]} 1. d4 d5
2. Nf3 Nf6 3. c4 e6 4. g3 Nc6 5. Bg2 Bd6 6. O-O O-O {E01: Catalan: Early
deviations.} 7. Bg5 h6 8. Bxf6 Qxf6 {White is slightly better.} 9. Qd3 dxc4 10.
Qxc4 e5 {[%cal Re5d4]} 11. d5 $146 ({Predecessor:} 11. Nc3 Bf5 12. dxe5 Nxe5
13. Nxe5 Qxe5 14. Rad1 c6 15. e3 Rad8 16. Qa4 a6 17. Rd2 {1/2-1/2 (45) Wang,D 
(1648)-Langford,J (1782) Henderson 2022}) 11... Ne7 (11... Nb4 $11) 12. Nc3 $14
Ng6 13. Rac1 Bf5 14. Nd2 Qe7 15. Nb5 Rfc8 16. Ne4 (16. Qb3 $16) 16... Qd8 (
16... a6 $11 17. Nbxd6 cxd6) 17. Qb3 Bf8 (17... Bxe4 $14 18. Bxe4 Ne7) 18. Rfd1
a6 19. Na3 Rab8 (19... b5 $142) 20. Nc4 $16 b6 21. h3 Bd6 (21... a5 $16) 22.
Nexd6 $18 cxd6 23. Qa3 Rc5 24. b4 ({Inferior is} 24. Qxa6 Qc8 $17) 24... Rc7
25. h4 (25. Qxa6 Qc8 $17) (25. Ne3 $16 Rxc1 26. Rxc1) 25... Bc8 (25... Rbc8 $11
26. Ne3 (26. Qxa6 Nxh4 27. Bf1 Ng6 $15) 26... Rxc1 27. Rxc1 Bd7) 26. Ne3 {
Accuracy: White = 60%, Black = 40%.} ({White should try} 26. Nd2 $16) 1/2-1/2

[Event "89_| Campeonato Brasileiro 2023"]
[Site "Recife"]
[Date "2023.12.20"]
[Round "10.1"]
[White "Quintiliano, Renato R."]
[Black "Do Valle Cardoso, Lucas"]
[Result "1/2-1/2"]
[WhiteElo "2489"]
[BlackElo "2352"]
[PlyCount "39"]
[EventDate "2023.??.??"]
[EventCountry "BRA"]
[WhiteClock "0:30:53"]
[BlackClock "0:56:20"]

{[%evp 13,39,16,50,14,16,14,16,15,132,131,115,127,129,99,91,92,102,0,0,0,0,0,7,
4,19,0,0,0]} 1. d4 Nf6 2. c4 e6 3. Nc3 d5 4. Nf3 Bb4 5. Qa4+ Nc6 6. e3 O-O 7.
Bd2 a6 8. Qc2 {D38: Queen's Gambit Declined: Ragozin Defence (4 Nf3 Bb4).} (8.
a3 $5 {[%cal Ra3b4]} Bxc3 9. Bxc3 $11) (8. a3 $5 {[%cal Ra3b4]} Bxc3 9. Bxc3
$14) (8. a3 $5 {[%cal Ra3b4]} Bxc3 9. Bxc3 $14) 8... Re8 9. a3 Bf8 10. Be2 {
White has an edge.White has an edge.} e5 {[%eval 132,25]} (10... h6 $11 {
[%eval 25,31]}) (10... dxc4 $11 {[%eval 20,30]} 11. Bxc4 h6) (10... h6 $11 {
[%eval 15,31] remains equal.}) 11. cxd5 $16 Nxd5 12. Nxd5 Qxd5 13. Bc4 Qd8 {
[%cal Re5d4]} 14. Qb3 Qd7 $146 {[%cal Re5d4] [#]} ({Predecessor:} 14... Qf6 15.
dxe5 $1 Qg6 16. O-O {[%eval 21,30]} ({Better is} 16. Bc3 $16 {[%eval 84,26]}) (
16. Bc3 $16 {[%eval 88,30]}) 16... Nxe5 17. Nxe5 Rxe5 18. Bc3 Re8 19. Rad1 c6 (
19... b5 $5 20. Bd3 $1 {[%cal Rd3g6]} Qh5 $11) (19... b5 $5 20. Bd3 $8 Qh5 $11)
20. Rd2 b5 {1/2-1/2 (47) Rychagov,A (2545)-Maghsoodloo,P (2676) Chess.com INT
2020}) ({Predecessor:} 14... Qf6 15. dxe5 $1 Qg6 16. O-O {[%eval 22,31]} (16.
Bc3 $16 {[%eval 114,30]}) 16... Nxe5 17. Nxe5 Rxe5 18. Bc3 Re8 19. Rad1 c6 (
19... b5 $5 20. Bd3 $8 Qh5 $11) 20. Rd2 b5 {1/2-1/2 (47) Rychagov,A (2545)
-Maghsoodloo,P (2676) Chess.com INT 2020}) ({Predecessor:} 14... Qf6 15. dxe5
Qg6 16. O-O Nxe5 17. Nxe5 Rxe5 18. Bc3 Re8 19. Rad1 c6 20. Rd2 b5 {1/2-1/2 (47)
Rychagov,A (2545)-Maghsoodloo,P (2676) Chess.com INT 2020}) 15. dxe5 {[%eval 0,
31]} (15. Ng5 $1 $16 {[%eval 79,25][%cal Rc4f7]} Nd8 {[#]} 16. dxe5 $1) (15.
Ng5 $1 $16 {[%eval 99,31][%cal Rc4f7]} Nd8 16. dxe5 $1) (15. Ng5 $1 $16 {
[%eval 102,28][%cal Rc4f7]} Nd8 16. dxe5) 15... Nxe5 $11 {The position is
equal.} 16. Nxe5 Rxe5 17. Bc3 Re8 18. Rd1 Qe7 19. O-O b5 20. Bd5 {Accuracy:
White = 60%, Black = 75%. . Accuracy: White = 60%, Black = 74%. . Accuracy:
White = 71%, Black = 74%.} 1/2-1/2